000
00315nam a2200145 4500
008
190524s1986||||xo d
245
1
0
_a
Ekonomický slovník
260
_b
Pravda
_a
Bratislava
_c
1986
250
_a
1.vydanie
300
_a
466s.
020
_c
0
041
1
_a
slo
044
_a
xo
_c
SK
958
_a
AUL
999
_c
22459
_d
22459